| 000 | 00691nam a22002297a 4500 | ||
|---|---|---|---|
| 005 | 20250420134822.0 | ||
| 008 | 211111b ||||| |||| 00| 0 eng d | ||
| 020 | _a 9781292341637 | ||
| 040 | _cKCST | ||
| 082 |
_a570 _bCa Bi |
||
| 100 |
_aCampbell, Neil A. _d1946-2004 _95449 |
||
| 245 |
_aBiology : _ba global approach / _cNeil A Campbell; Lisa A Urry; Michael L Cain; Steven A Wasserman; Peter V Minorsky |
||
| 300 | _a1345 p. | ||
| 650 |
_aBiology _95450 |
||
| 700 |
_aUrry, Lisa A. _95451 |
||
| 700 |
_aCain, Michael L. _95452 |
||
| 700 |
_aWasserman, Steven A. _95453 |
||
| 700 |
_aMinorsky, Peter V. _95454 |
||
| 700 |
_aOrr , Rebecca B. _95455 |
||
| 942 | _cBK | ||
| 942 | _2ddc | ||
| 999 |
_c728 _d728 |
||